000 00317nam a2200133Ia 4500
005 20260328101513.0
008 260328s9999||||xx |||||||||||||| ||und||
100 _aFry, Roger
245 0 _aVision y DiseƱo /
_cRoger Fry
260 _bGalatea Nueva Vision
300 _a143 p.
650 _aARQUITECTURA
942 _cBK
999 _c9279
_d9279